OPAC Home

හීන (Record no. 144202)

MARC details
000 -LEADER
fixed length control field 00520nam a2200181 4500
003 - CONTROL NUMBER IDENTIFIER
control field LK-CoDNM
005 - DATE AND TIME OF LATEST TRANSACTION
control field 20231220102732.0
008 - FIXED-LENGTH DATA ELEMENTS--GENERAL INFORMATION
fixed length control field 231220b |||||||| |||| 00| 0 eng d
020 ## - INTERNATIONAL STANDARD BOOK NUMBER
International Standard Book Number 9786249870895
040 ## - CATALOGING SOURCE
Original cataloging agency LK-CoDNM
Modifying agency LK-CoDNM
Description conventions LK-CoDNM
041 ## - LANGUAGE CODE
Language code of text/sound track or separate title Sinhala; Sinhalese
080 ## - UNIVERSAL DECIMAL CLASSIFICATION NUMBER
Universal Decimal Classification number X8C31
Item number ප්‍රදීප්
942 ## - ADDED ENTRY ELEMENTS (KOHA)
Suppress in OPAC 0
Koha item type Books
100 ## - MAIN ENTRY--PERSONAL NAME
Personal name ප්‍රදීප්, උඩත්තව රවීන්ද්‍ර
245 ## - TITLE STATEMENT
Title හීන
260 ## - PUBLICATION, DISTRIBUTION, ETC. (IMPRINT)
Place of publication, distribution, etc. Ruwanwella
Name of publisher, distributor, etc. Nethroo Publiction
Date of publication, distribution, etc. 2022
300 ## - PHYSICAL DESCRIPTION
Extent 208p.,21cm
Holdings
Withdrawn status Lost status Damaged status Not for loan Permanent Location Current Location Date acquired Full call number Barcode Koha item type
        Library National Museum Colombo - Sri Lanka Library National Museum Colombo - Sri Lanka 2023-12-20 X8C31 ප්‍රදීප් 176135 Books
Copyright © 2023 Department of National Museum, Colombo 07, Sri Lanka Funded by UNESCO IFAP UNESCO